| 000 | 01162naa a22003137a 4500 | ||
|---|---|---|---|
| 001 | BR8107597 | ||
| 003 | BR-BrBNA | ||
| 005 | 20240918175055.0 | ||
| 007 | ta | ||
| 008 | 230509b bl.||||| |||| 00| 0 por d | ||
| 040 |
_aBR-BrBNA _bpor _cBiblioteca Nacional de Agricultura |
||
| 041 | _a(Pt) | ||
| 072 |
_aE70; D50 _b/G514 |
||
| 090 | _aE70 BR8107597 | ||
| 100 | 1 | _aGodoy, P.R.C. de | |
| 100 | 1 | _aNobrega, M.B.P. da C. | |
| 100 | 1 | _aCavalcanti, L. de S. | |
| 111 | 1 |
_a1. Seminario Nacional de Hidrovias _cCuritiba, PR (Brazil) _d27-30 Apr 1981 |
|
| 245 | 1 | _aSugestoes para o estabelecimento de normas para aprovacao de obras e servicos que interferem nas vias navegaveis [transporte fluvial, Brasil] | |
| 260 | 3 |
_aCuritiba, PR (Brasil): _c1981. |
|
| 500 | _aAnais do 1. Seminario Nacional de Hidrovias Curitiba, PR (Brasil): 1981. p. 507-512 (BR8107597-AM)E70 | ||
| 650 | _aTRANSPORTE FLUVIAL | ||
| 650 | _aNAVEGACAO | ||
| 650 | _aCANAL | ||
| 650 | _aLEGISLACAO | ||
| 773 | 0 |
_tAnais do 1. Seminario Nacional de Hidrovias _wE70 BR8107597 _gCuritiba, PR (Brasil), 1981. p. 507-512 |
|
| 909 |
_a202404 _bLucia _c55 _dLucia Elande |
||
| 942 |
_cAM _2AGRIS |
||
| 999 |
_c314861 _d314861 |
||